UBT Library

A handbook for the speech-language pathologist serving the visually limited / (Record no. 40464)

000 -LEADER
fixed length control field 00647pam a2200229 a 4500
001 - CONTROL NUMBER
control field 2861149
005 - DATE AND TIME OF LATEST TRANSACTION
control field 20180118052457.0
008 - FIXED-LENGTH DATA ELEMENTS--GENERAL INFORMATION
fixed length control field 851126s1986 ilu b 001 0 eng c
010 ## - LIBRARY OF CONGRESS CONTROL NUMBER
LC control number 85028917
020 ## - INTERNATIONAL STANDARD BOOK NUMBER
International Standard Book Number 0398052158
040 ## - CATALOGING SOURCE
Original cataloging agency DNLM/DLC
Transcribing agency DLC
Modifying agency DLC
041 ## - LANGUAGE CODE
Language code of text/sound track or separate title eng
060 ## - NATIONAL LIBRARY OF MEDICINE CALL NUMBER
Classification number WM 475 H293h
080 ## - UNIVERSAL DECIMAL CLASSIFICATION NUMBER
Universal Decimal Classification number 618.9285506 HAR
082 00 - DEWEY DECIMAL CLASSIFICATION NUMBER
Classification number 618.9285506 HAR
Edition number 19
100 1# - Rafti
Rafti 9
101 ## - Shkurtesa
Shkurtesa PAT
245 12 - TITLE STATEMENT
Title A handbook for the speech-language pathologist serving the visually limited /
Statement of responsibility, etc by Florine Watson Harper.
504 ## - BIBLIOGRAPHY, ETC. NOTE
Bibliography, etc Bibliography: p. 103-104.
906 ## - LOCAL DATA ELEMENT F, LDF (RLIN)
a 7
b cbc
c orignew
d 1
e ocip
f 19
g y-gencatlg
942 ## - ADDED ENTRY ELEMENTS (KOHA)
Source of classification or shelving scheme
Item type Books
Holdings
Withdrawn status Lost status Source of classification or shelving scheme Damaged status Not for loan Collection code Permanent location Current location Shelving location Date acquired Total Checkouts Full call number Barcode Date last seen Price effective from Koha item type
          Koleksioni i përgjithshem UBT - Lipjan UBT - Lipjan Koleksioni i përgjithshem 01/18/2018   618.9285506 HAR 002-2995770 01/18/2018 01/18/2018 Books
UBT Library © 2015-2024. All rights reserved University Education for Business and Technology